<?xml version="1.0" encoding="UTF-8"?>
<collection xmlns="http://www.loc.gov/MARC21/slim">
 <record>
  <leader>01324nam a2200193Ia 4500</leader>
  <controlfield tag="001">TDMU_31464</controlfield>
  <controlfield tag="008">210410s9999    xx            000 0 und d</controlfield>
  <datafield tag="082" ind1=" " ind2=" ">
   <subfield code="a">306.848</subfield>
  </datafield>
  <datafield tag="090" ind1=" " ind2=" ">
   <subfield code="b">L250</subfield>
  </datafield>
  <datafield tag="100" ind1=" " ind2=" ">
   <subfield code="a">Lê, Nguyễn Viết Tường</subfield>
  </datafield>
  <datafield tag="245" ind1=" " ind2="0">
   <subfield code="a">Mô tả các nhóm hữu hạn có cấp bé hơn hoặc bằng 15</subfield>
  </datafield>
  <datafield tag="245" ind1=" " ind2="0">
   <subfield code="c">Lê Nguyễn Viết Tường; ThS. Nguyễn Thị Khánh Hòa(h.d)</subfield>
  </datafield>
  <datafield tag="260" ind1=" " ind2=" ">
   <subfield code="a">Bình Dương, 2017</subfield>
  </datafield>
  <datafield tag="300" ind1=" " ind2=" ">
   <subfield code="a">25tr</subfield>
  </datafield>
  <datafield tag="520" ind1=" " ind2=" ">
   <subfield code="a">Cơ quan chủ trì: Đại học Thủ Dầu Một; Báo cáo tổng kết đề tài nghiên cứu khoa học của sinh viên tham gia cuộc thi sinh viên nghiên cứu khoa học năm 2016-2017. Xét giải thưởng tài năng khoa học trẻ đại học Thủ Dầu Một năm 2017; Đề tài gồm các chương: Chương 1 Kiến thức chuẩn bị; Chương 2.Mô tả các nhóm hữu hạn có cấp bé hơn hoặc bằng 15; TLTK  sau phần kết luận</subfield>
  </datafield>
  <datafield tag="650" ind1=" " ind2=" ">
   <subfield code="a">Toán học</subfield>
   <subfield code="x">Đại số</subfield>
   <subfield code="x">Nhóm hữu hạn; Báo cáo khoa học</subfield>
  </datafield>
  <datafield tag="700" ind1=" " ind2=" ">
   <subfield code="a">Nguyễn Thị Khánh Hòa</subfield>
  </datafield>
  <datafield tag="856" ind1=" " ind2=" ">
   <subfield code="u">http://lrc.tdmu.edu.vn/opac/search/detail.asp?aID=2&amp;ID=31464</subfield>
  </datafield>
  <datafield tag="980" ind1=" " ind2=" ">
   <subfield code="a">Trung tâm Học liệu Trường Đại học Thủ Dầu Một</subfield>
  </datafield>
 </record>
</collection>
